Corrections Forum

Bibliographic Details
Format: Journal
Language:English
Published: Hermosa Beach, CA : Criminal Justice Media, Inc., 1992-
Subjects:
Online Access:http://www.vlex.com/source/7176

MARC

LEADER 00000nas a22000007a 4500
005 20130315132055.0
007 cr|||| ||||
008 130315c19929999xxubr|p s|||| 0|||a1eng d
022 |a 10729275  
035 |a 7176 
040 |a vLex 
090 |c 3935  |d 3935 
245 0 0 |a Corrections Forum  |h [Recurso electrn̤ico]  
256 |a Servicio en ln̕ea 
260 |a Hermosa Beach, CA :  |b Criminal Justice Media, Inc.,   |c 1992- 
300 |a 1 Recurso electrn̤ico 
506 |d vLex Global  |d vLex Global (Academic Edition, excluding Law Schools)  |d vLex Global (U.S. Academic Edition, Law Schools)  |d vLex Global (U.S. Academic Edition, excluding Law Schools)  |d vLex Global (Academic Edition, Law Schools) 
650 0 4 |a Derecho tributario  |v Revistas 
650 0 4 |a Economa̕  |v Revistas 
740 |a vLex Revistas (Servicio en ln̕ea) 
856 |a Acceso restringido  |u http://www.vlex.com/source/7176 
942 |c REV 
999 0 |a Taxation